000 01568cam a2200157 4500500
005 20260405051131.0
041 _afre
042 _adc
100 1 0 _aHabib, Marianne
_eauthor
700 1 0 _aLavergne, Louisa
_eauthor
700 1 0 _aCaparos, Serge
_eauthor
245 0 0 _aPsychologie cognitive : Cours, méthodologie, entraînement
260 _bArmand Colin,
_c2018.
520 _aCet ouvrage propose un panorama global de la psychologie cognitive, discipline qui étudie le fonctionnement de l’esprit et de la vie mentale. Il aborde les courants théoriques et méthodes en psychologie cognitive, les émotions et les processus cognitifs impliqués dans leur ressenti et les grandes fonctions cognitives : perception, attention, mémoire, langage, raisonnement, décision et jugement. Chaque chapitre est structuré de la façon suivante : • le(s) questionnement(s) à se poser ; • une partie théorique exposant les savoirs fondamentaux, assortis d’exemples, de définitions et de focus thématique ; • un rappel des éléments importants du chapitre et des notions clés ; • des exercices corrigés pour permettre une auto-évaluation des acquis. Véritable outil de travail visant à favoriser l’acquisition des connaissances, cet ouvrage accompagnera l’étudiant en psychologie tout au long de son premier cycle universitaire. Tous les compléments numériques sont disponibles dans la rubrique "ressources numériques".
856 4 1 _uhttps://shs.cairn.info/psychologie-cognitive--9782200621087?lang=fr&redirect-ssocas=7080
999 _c2175589
_d2175589